Szczegóły MARC21

The Heath anthology of American literature. Vol. 2 /

003 -Nazwa inst., której nr kontr. jest w polu 001 [,]
    • @
    • Nazwa instytucji, której n kontrolny jest w polu 001
    • NUKAT
005 -DATA I CZAS OSTATNIEJ MODYFIKACJI [,]
    • @
    • pole kontrolne
    • 20241231114318.0
020 -Międzynarod. znormalizowany nr książki - ISBN [ , ]
    • a
    • Numer ISBN
    • 0669329738 Find
040 -Instytucja sporządzająca opis [ , ]
    • a
    • Instytucja, która sporządziła opis (NP)
    • TOR U/dgd
    • c
    • Instytucja, która sporządziła rekord (NP)
    • TOR U/dgd
    • d
    • Instytucja, która zmodyfikowała rekord (P)
    • TOR U/dgd
    • d
    • Instytucja, która zmodyfikowała rekord (P)
    • WR U/hbs
044 -Kraj miejsca wydania [ , ]
    • a
    • Kraj miejsca wydania
    • Stany Zjednoczone po 1988
    • a
    • Kraj miejsca wydania
    • Kanada po 1988
942 -Rodzaj dokumentu [ , ]
    • c
    • Rodzaj dokumentu
    • Książka
245 -Strefa tytułu i oznaczenia odpowiedzialności [0,4]
    • a
    • Tytuł
    • The Heath anthology of American literature. Find
    • n
    • Oznaczenie części (P)
    • Vol. 2 /
    • c
    • Pozostałe elementy strefy tytułu i oznaczenia odpowiedzialności (NP)
    • Paul Lauter gen. ed.
250 -Strefa wydania [ , ]
    • a
    • Oznaczenie wydania (NP)
    • 2nd ed.
260 -Strefa adresu wydawniczego [ , ]
    • a
    • Miejsce wydania (P)
    • Lexington ;
    • a
    • Miejsce wydania (P)
    • Toronto :
    • b
    • Nazwa wydawcy (P)
    • D. C. Heath and Company,
    • c
    • Data wydania (P)
    • cop. 1994.
300 -Strefa opisu fizycznego [ , ]
    • a
    • Określenie formy książki i/lub objętość (NP)
    • XLIX, 3156 s. ;
    • c
    • Format (NP)
    • 24 cm.
336 -Typ zawartości [ , ]
    • a
    • Termin opisujący typ zawartości
    • Tekst
    • b
    • Kod określający zawartość
    • txt
    • 2
    • Źródło (terminu i kodu)
    • rdacontent
337 -Typ mediów [ , ]
    • a
    • Tryb odtwarzania
    • Bez urządzenia pośredniczącego
    • b
    • Kod typu mediów
    • n
    • 2
    • Źródło (terminu i kodu)
    • rdamedia
338 -Typ/rodzaj nośnika [ , ]
    • a
    • Hasło opisujące typ nośnika
    • Wolumin
    • b
    • Kod typu nośnika
    • nc
    • 2
    • Źródło (terminu i kodu)
    • rdacarrier
504 -Uwaga dot. bibliogr. załącznikowej [ , ]
    • a
    • Uwaga dot. bibliografii załącznikowej
    • Indeks.
080 -Uniwersalna Klasyfikacja Dziesiętna [ , ]
    • a
    • Symbol klasyfikacji
    • 820(73)-1/-9(082.1)=20
655 -Hasło w funkcji tematu formalnego [ ,7]
    • a
    • Hasło
    • Literatura amerykańska
    • v
    • Określnik formy
    • antologie.
    • 2
    • Źródło terminu
    • kaba
    • 9
    • KHW
    • 367975
980 -Symbol UKD [ , ]
    • a
    • UKD
    • 820(73)-1/-9(082.1)=20
700 -Hasło dodatkowe - nazwa osobowa [1, ]
    • a
    • Nazwa osobowa (NP)
    • Lauter, Paul Find
    • d
    • Daty biograficzne (NP)
    • (1932- ).
    • e
    • Określenie rodzaju współpracy
    • Red.
    • 9
    • KHW
    • 645654
710 -Hasło dodatkowe - nazwa ciała zbiorowego [2, ]
    • a
    • Nazwa ciała zbiorowego lub nazwa geograficzna jako pierwszy element (NP)
    • D. C. Heath and Company.
    • 4
    • Kod relacji
    • pbl
    • 9
    • KHW
    • 54679
920 -ISBN [ , ]
    • a
    • ISBN
    • 0-669-32973-8 Find
Sygnatura Numer inwentarzowy Status udost. Lokalizacja Data inwentaryzacji
ANG. Antologie - lit. amer. 16A.69971BM2003-10-16